[Event "40th Olympiad Women"]
[Site "Istanbul TUR"]
[Date "2012.09.07"]
[Round "10.12"]
[Board "3"]
[White "Hejazipour, Mitra"]
[Black "Kopinits, Anna-Christina"]
[Result "1-0"]
[WhiteTitle "WIM"]
[BlackTitle "WIM"]
[WhiteElo "2237"]
[BlackElo "2234"]
[WhiteTeam "Iran"]
[BlackTeam "Austria"]
[WhiteFideId "12505951"]
[BlackFideId "1614142"]
[EventDate "2012.08.28"]

1. d4 d5 2. c4 c6 3. Nf3 Nf6 4. e3 Bf5 5. Nc3 e6 6. Nh4 Bg6 7. Be2 Nbd7 8. g3
Bd6 9. Nxg6 hxg6 10. O-O Ne4 11. Nxe4 dxe4 12. Qc2 f5 13. c5 Bc7 14. Qb3 Kf7 15.
Qxb7 Rc8 16. Kg2 g5 17. Rh1 g4 18. Ba6 Qe7 19. Qxc6 Nb8 20. Qb7 Nxa6 21. Qxa6 g5
22. Qc4 f4 23. exf4 gxf4 24. gxf4 Qf6 25. d5 Bxf4 26. dxe6+ Ke7 27. Qxe4 Bxh2
28. Qd5 Qf3+ 29. Qxf3 gxf3+ 30. Kxf3 Rxc5 31. Be3 Ra5 32. b4 Rd5 33. Bxa7 Rf8+
34. Ke2 Bd6 35. a3 Kxe6 36. Be3 Ra8 37. Rhd1 Rxd1 38. Rxd1 Rxa3 39. b5 Rb3 40.
b6 Bb4 41. Ra1 Be7 42. Rd1 Bb4 43. Rd3 Rb1 44. Kf3 Ba5 45. Ra3 Rb5 46. Ra4 Ke7
47. Rh4 Kd7 48. Rh6 Kc8 49. Kg4 Rb3 50. Re6 Kd7 51. Kf5 Be1 52. f4 Bc3 53. Rh6
Bb2 54. Ke4 Ke8 55. Rh7 Ba3 56. b7 Bd6 57. Kd5 Be7 58. Rh8+ Bf8 59. Bc5 Rd3+ 1-0

[Event "40th Olympiad Women"]
[Site "Istanbul TUR"]
[Date "2012.09.07"]
[Round "10.12"]
[Board "4"]
[White "Schnegg, Anna-Lena"]
[Black "Hakimifard, Ghazal"]
[Result "0-1"]
[BlackTitle "WIM"]
[WhiteElo "2088"]
[BlackElo "2249"]
[WhiteTeam "Austria"]
[BlackTeam "Iran"]
[WhiteFideId "1625268"]
[BlackFideId "12506540"]
[EventDate "2012.08.28"]

1. e4 c5 2. Nf3 e6 3. c4 a6 4. Nc3 Nc6 5. Be2 Nf6 6. O-O Qc7 7. Kh1 Nd4 8. d3
Ng4 9. g3 h5 10. h3 Nxf3 11. Bxf3 Nf6 12. Bg2 d6 13. f4 Bd7 14. a3 Rc8 15. Qe2
Bc6 16. b4 b5 17. Be3 Be7 18. Rab1 cxb4 19. axb4 Qb7 20. cxb5 axb5 21. Ra1 Ra8
22. Rxa8+ Qxa8 23. Qb2 O-O 24. Ra1 Qb8 25. d4 Re8 26. d5 exd5 27. Nxd5 Nxd5 28.
exd5 Bf6 29. Bd4 Bxd4 30. Qxd4 Bd7 31. Qd3 Qc8 32. Kh2 Qb7 33. Bf3 Qb6 34. Bxh5
Qf2+ 35. Kh1 Bxh3 36. Qf3 Qb2 37. Rd1 Bf5 38. Kg1 Qxb4 39. Qf2 Qc3 40. Qf3 Re3
41. Qf2 Rxg3+ 42. Kf1 Bh3+ 0-1

[Event "40th Olympiad Women"]
[Site "Istanbul TUR"]
[Date "2012.09.07"]
[Round "10.13"]
[Board "1"]
[White "Dzagnidze, Nana"]
[Black "Pham, Le Thao Nguyen"]
[Result "1-0"]
[WhiteTitle "GM"]
[BlackTitle "WGM"]
[WhiteElo "2547"]
[BlackElo "2393"]
[WhiteTeam "Georgia"]
[BlackTeam "Vietnam"]
[WhiteFideId "13601903"]
[BlackFideId "12401226"]
[EventDate "2012.08.28"]

1. d4 d5 2. c4 c6 3. Nf3 Nf6 4. Nc3 a6 5. a4 e6 6. Bg5 Nbd7 7. cxd5 exd5 8. e3
Be7 9. Bd3 O-O 10. Qc2 Re8 11. O-O Nf8 12. a5 Ne4 13. Bxe7 Qxe7 14. Bxe4 dxe4
15. Nd2 f5 16. d5 Kh8 17. Nc4 Bd7 18. Rfd1 Rad8 19. Qb3 Bc8 20. Qb6 Ng6 21. dxc6
bxc6 22. Qxc6 Bb7 23. Qb6 Rb8 24. Qd6 Qf7 25. Qd4 Qe7 26. Ne2 Rf8 27. Nf4 Bc6
28. Nxg6+ hxg6 29. Ne5 Rf6 30. Rac1 Bb5 31. Rc5 Kh7 32. h4 Re6 33. g3 g5 34. h5
Be8 35. g4 Rb5 36. Rxb5 axb5 37. Ng6 Bxg6 38. hxg6+ Rxg6 39. Qd7 Qxd7 40. Rxd7
f4 41. Rd1 b4 42. Ra1 Ra6 43. Kf1 Kg6 44. Ke1 Kf6 45. Kd2 Ke5 46. Kc2 Kd5 47.
Kb3 Kc5 48. Ka4 Kc4 49. Rd1 Rh6 50. Rd4+ Kc5 51. Rxb4 Rh1 52. Rxe4 f3 53. b4+
Kd5 54. Rd4+ Ke5 55. a6 Ra1+ 56. Kb5 Ra2 57. Rd8 Ke4 58. Kc4 1-0

[Event "40th Olympiad Women"]
[Site "Istanbul TUR"]
[Date "2012.09.07"]
[Round "10.13"]
[Board "2"]
[White "Nguyen, Thi Mai Hung"]
[Black "Javakhishvili, Lela"]
[Result "1-0"]
[WhiteTitle "WIM"]
[BlackTitle "IM"]
[WhiteElo "2212"]
[BlackElo "2458"]
[WhiteTeam "Vietnam"]
[BlackTeam "Georgia"]
[WhiteFideId "12401676"]
[BlackFideId "13601458"]
[EventDate "2012.08.28"]

1. d4 Nf6 2. Bf4 g6 3. e3 Bg7 4. Nf3 d6 5. Be2 O-O 6. O-O Nc6 7. h3 Re8 8. Bh2
Bf5 9. c3 e5 10. Nbd2 Qe7 11. dxe5 dxe5 12. Qb3 Rab8 13. a4 Nd7 14. e4 Be6 15.
Qc2 a5 16. Rfd1 Nb6 17. Bb5 f6 18. Nb3 Ra8 19. Bg3 Bf8 20. Nfd2 Qf7 21. f3 Nd7
22. Bf2 Kh8 23. Qd3 Nd8 24. Qe2 c6 25. Bc4 f5 26. Qf1 Qf6 27. Bxe6 Nxe6 28. Nxa5
Ndc5 29. b4 fxe4 30. Nxe4 Nxe4 31. fxe4 c5 32. Be1 Qe7 33. Nc4 cxb4 34. cxb4 Nd4
35. Nb6 Ra6 36. Nd5 Qd8 37. Qf7 Rd6 38. Kh1 b6 39. Rac1 Rxd5 40. Qxd5 Qf6 41.
Qc4 Bh6 42. Rb1 Be3 43. Qd3 Qf4 44. Bh4 Nf3 45. g3 Qh6 46. Bf6+ Kg8 47. Kg2 Nd4
48. Qc4+ Ne6 49. Rd8 Qf8 50. Rf1 Qf7 51. Rxe8+ Qxe8 52. Bxe5 1-0

[Event "40th Olympiad Women"]
[Site "Istanbul TUR"]
[Date "2012.09.07"]
[Round "10.13"]
[Board "4"]
[White "Pham, Bich Ngoc"]
[Black "Batsiashvili, Nino"]
[Result "0-1"]
[WhiteTitle "WIM"]
[BlackTitle "WGM"]
[WhiteElo "2172"]
[BlackElo "2432"]
[WhiteTeam "Vietnam"]
[BlackTeam "Georgia"]
[WhiteFideId "12401285"]
[BlackFideId "13602993"]
[EventDate "2012.08.28"]

1. c4 Nf6 2. Nc3 e6 3. Nf3 d5 4. e3 c5 5. d4 cxd4 6. Nxd4 Nc6 7. cxd5 exd5 8.
Bb5 Bd7 9. O-O Bd6 10. h3 O-O 11. b3 Qe7 12. Bb2 Rad8 13. Rc1 Bb8 14. Bxc6 bxc6
15. Na4 Rc8 16. Nf3 Ne4 17. Qd4 f6 18. Nc5 Nxc5 19. Rxc5 Rfe8 20. Rcc1 Qf7 21.
Rfd1 Qh5 22. Qh4 Qg6 23. Kf1 Re4 24. g4 Qf7 25. Bd4 h6 26. Nd2 Re6 27. b4 Kh7
28. f3 f5 29. g5 f4 30. e4 Rg6 31. Qh5 Qe6 32. gxh6 Rxh6 33. Qg5 Qxh3+ 34. Ke2
Rg6 35. Qe7 Rg2+ 36. Bf2 c5 37. Rxc5 a6 38. a4 Bxa4 39. Rdc1 Bb5+ 40. Rxb5 Rxf2+
41. Kd3 Rxc1 42. Rxb8 Rd1 43. Kd4 Rfxd2+ 44. Kc5 Qh6 45. b5 Rc1+ 0-1

[Event "40th Olympiad Women"]
[Site "Istanbul TUR"]
[Date "2012.09.07"]
[Round "10.14"]
[Board "2"]
[White "Botsari, Anna-Maria"]
[Black "Kaya, Emel"]
[Result "1/2-1/2"]
[WhiteTitle "WGM"]
[BlackTitle "WCM"]
[WhiteElo "2336"]
[BlackElo "1974"]
[WhiteTeam "Greece"]
[BlackTeam "Turkey"]
[WhiteFideId "4200446"]
[BlackFideId "6306411"]
[EventDate "2012.08.28"]

1. d4 d5 2. c4 dxc4 3. Nf3 a6 4. e3 b5 5. a4 Bb7 6. b3 Nf6 7. axb5 axb5 8. Rxa8
Bxa8 9. bxc4 bxc4 10. Bxc4 e6 11. O-O Nbd7 12. Qe2 Bd6 13. Nc3 O-O 14. Nb5 Be7
15. Rd1 c6 16. Nc3 c5 17. e4 cxd4 18. Nxd4 Qa5 19. Ndb5 Ne5 20. Bb3 Rd8 21.
Rxd8+ Qxd8 22. Bf4 Ng6 23. Bc7 Qd7 24. Bc4 Bb4 25. Qd3 Qc6 26. Qd8+ Qe8 27.
Qxe8+ Nxe8 28. Bb8 Nf6 29. f3 Nd7 30. Bd6 Bxd6 31. Nxd6 Bc6 32. Kf2 Nb6 33. Bb3
Kf8 34. Ke3 Ke7 35. Ndb5 e5 36. g3 f6 37. Na3 Kd6 38. Nc2 Kc5 39. Kd3 Ne7 40.
Ne3 g6 41. Ng4 Nd7 42. Be6 Nf8 43. Bf7 Nd7 44. Be8 Ng8 45. Nd5 Bxd5 46. Bxd7
Bc4+ 47. Ke3 Kd6 1/2-1/2

[Event "40th Olympiad Women"]
[Site "Istanbul TUR"]
[Date "2012.09.07"]
[Round "10.14"]
[Board "3"]
[White "Cemhan, Kardelen"]
[Black "Makropoulou, Marina"]
[Result "1-0"]
[WhiteTitle "WCM"]
[BlackTitle "WGM"]
[WhiteElo "1938"]
[BlackElo "2256"]
[WhiteTeam "Turkey"]
[BlackTeam "Greece"]
[WhiteFideId "6325670"]
[BlackFideId "4200187"]
[EventDate "2012.08.28"]

1. e4 c5 2. Nf3 d6 3. d4 cxd4 4. Nxd4 Nf6 5. f3 e5 6. Nb3 Be7 7. c4 a5 8. Be3 a4
9. N3d2 O-O 10. Be2 Nc6 11. Nc3 a3 12. b3 Qa5 13. Rc1 Nb4 14. O-O Be6 15. Ndb1
Nd7 16. Qd2 Nc5 17. Nb5 f5 18. exf5 Bxf5 19. N1xa3 Kh8 20. Kh1 Bg6 21. Rfd1 Rfd8
22. Ra1 Bf6 23. Bg5 Bxg5 24. Qxg5 Nbd3 25. Qe3 Nf4 26. Qd2 Qb6 27. g3 Nfd3 28.
Qe3 Nb4 29. Rd2 Nc6 30. Nc2 Qa5 31. Kg2 Bxc2 32. Rxc2 Nd4 33. Rcc1 Nxb5 34. cxb5
Ne6 35. Bd3 Rac8 36. Rxc8 Rxc8 37. Bc4 Nd4 38. Qd3 Rf8 39. Bd5 Qa3 40. Rd1 Qxa2+
41. Rd2 Qa7 42. f4 b6 43. fxe5 dxe5 44. Qe4 Qc7 45. Bc4 Qd6 46. Rd1 Qc5 47. Re1
Nc2 48. Qxc2 e4 49. Rxe4 Qg5 50. Qe2 Qd8 51. Rh4 Rf6 52. Qe4 Qd2+ 53. Kh3 Qd7+
54. Qg4 Qd8 55. Bd3 h6 56. Qe4 Qd7+ 57. Kg2 Kg8 58. Qh7+ Kf8 59. Qh8+ Kf7 60.
Qh7 Qd5+ 61. Qe4 Qc5 62. Qc4+ 1-0

[Event "40th Olympiad Women"]
[Site "Istanbul TUR"]
[Date "2012.09.07"]
[Round "10.14"]
[Board "4"]
[White "Pavlidou, Ekaterini"]
[Black "Menzi, Nezihe Ezgi"]
[Result "1-0"]
[WhiteTitle "WIM"]
[WhiteElo "2237"]
[BlackElo "1876"]
[WhiteTeam "Greece"]
[BlackTeam "Turkey"]
[WhiteFideId "4213262"]
[BlackFideId "6310060"]
[EventDate "2012.08.28"]

1. d4 Nf6 2. c4 g6 3. Nc3 Bg7 4. e4 d6 5. Nf3 O-O 6. Be2 e5 7. Be3 Ng4 8. Bg5 f6
9. Bh4 Nc6 10. d5 Ne7 11. Nd2 Nh6 12. f3 f5 13. O-O Nf7 14. b4 g5 15. Bf2 Ng6
16. c5 Nf4 17. Nc4 h5 18. Rc1 g4 19. cxd6 cxd6 20. exf5 gxf3 21. Bxf3 Bxf5 22.
Ne4 Bh6 23. Rc3 Bg6 24. Qe1 Bg5 25. Nxg5 Nxg5 26. Bh4 Kh8 27. Nxe5 Rg8 28. Nxg6+
Rxg6 29. Kh1 Qg8 30. Bg3 Nxd5 31. Bxd5 Qxd5 32. Re3 Rag8 33. Re7 R8g7 34. Rxg7
Kxg7 35. Qc3+ Kh7 36. Qc7+ Rg7 37. Qc2+ Qe4 38. Qd1 Qg6 39. Qxd6 Qxd6 40. Bxd6
Ne4 41. Bb8 b6 42. g3 Rd7 43. Re1 Nc3 44. a3 Kg6 45. Bf4 Rd1 46. Rxd1 Nxd1 47.
Kg2 Nb2 48. Kf3 Nc4 49. Bc1 Kf5 50. h3 Ne5+ 51. Ke3 Nc6 52. b5 Ne5 53. Kd4 Nf3+
54. Kd5 Ng1 55. g4+ hxg4 56. hxg4+ Kxg4 57. Kc6 Ne2 58. Bb2 Nf4 59. Kb7 Nd5 60.
Kxa7 Ne3 61. Kxb6 Nc4+ 62. Ka7 Nxb2 63. b6 Nd3 64. b7 Ne5 65. b8=Q Nc6+ 66. Kb7
Nxb8 67. Kxb8 1-0

[Event "40th Olympiad Women"]
[Site "Istanbul TUR"]
[Date "2012.09.07"]
[Round "10.15"]
[Board "1"]
[White "Bojkovic, Natasa"]
[Black "Salazar, Aura Cristina"]
[Result "1-0"]
[WhiteTitle "IM"]
[BlackTitle "WFM"]
[WhiteElo "2392"]
[BlackElo "2228"]
[WhiteTeam "Serbia"]
[BlackTeam "Colombia"]
[WhiteFideId "908550"]
[BlackFideId "4403312"]
[EventDate "2012.08.28"]

1. e4 c5 2. Nf3 d6 3. d4 Nf6 4. Nc3 cxd4 5. Qxd4 a6 6. Bg5 Nc6 7. Qd2 e6 8.
O-O-O Qc7 9. Bxf6 gxf6 10. Kb1 Bd7 11. Be2 O-O-O 12. Rhe1 Kb8 13. Nd4 Ne7 14.
Bh5 Ng6 15. g3 Qc5 16. Qe2 Rc8 17. Nb3 Qb6 18. Rd4 Bg7 19. Qd2 d5 20. exd5 f5
21. dxe6 Bxe6 22. Nd5 Qd6 23. Nf6 Qb6 24. Rd6 Qb5 25. a4 Qxa4 26. Rexe6 fxe6 27.
Nd7+ Kc7 28. Ndc5 Qe8 29. Rd7+ Kb8 30. Qd6+ Ka8 31. Bf3 1-0

[Event "40th Olympiad Women"]
[Site "Istanbul TUR"]
[Date "2012.09.07"]
[Round "10.15"]
[Board "2"]
[White "Franco Valencia, Angela"]
[Black "Manakova, Maria"]
[Result "1-0"]
[WhiteTitle "WFM"]
[BlackTitle "WGM"]
[WhiteElo "2170"]
[BlackElo "2304"]
[WhiteTeam "Colombia"]
[BlackTeam "Serbia"]
[WhiteFideId "4403070"]
[BlackFideId "927007"]
[EventDate "2012.08.28"]

1. e4 c5 2. Nf3 Nc6 3. d4 cxd4 4. Nxd4 e5 5. Nb5 d6 6. c4 Be7 7. b3 a6 8. N5c3
Bg5 9. Ba3 Nd4 10. Bd3 Nf6 11. O-O O-O 12. Ne2 Bg4 13. Nbc3 b5 14. f3 Be6 15.
Bc1 Bxc1 16. Rxc1 bxc4 17. Bxc4 Bxc4 18. bxc4 Ne6 19. Nd5 Nxd5 20. Qxd5 Qb6+ 21.
Kh1 Qb2 22. Rfe1 Rfd8 23. a4 Rac8 24. h3 Qa2 25. Qa5 Rxc4 26. Ra1 Qb3 27. Qxa6
Nc5 28. Qa5 Rc8 29. Qd2 Rc2 30. Qxd6 Qc4 31. Ng3 Nd3 32. Reb1 Qc3 33. Rg1 Rxg2
34. Nf5 Nf4 35. Rxg2 Qxf3 36. Nh4 Qxe4 37. Qd7 Rf8 38. Kh2 Nxg2 39. Nxg2 h5 40.
a5 Rb8 41. Ra2 Qf3 42. a6 Rb3 43. Qc8+ Kh7 44. Qc2+ g6 45. a7 Rc3 46. Qxc3 1-0

[Event "40th Olympiad Women"]
[Site "Istanbul TUR"]
[Date "2012.09.07"]
[Round "10.15"]
[Board "4"]
[White "Chirivi C, Jenny Astrid"]
[Black "Rakic, Marija"]
[Result "1/2-1/2"]
[WhiteTitle "WIM"]
[BlackTitle "WIM"]
[WhiteElo "2212"]
[BlackElo "2300"]
[WhiteTeam "Colombia"]
[BlackTeam "Serbia"]
[WhiteFideId "4403061"]
[BlackFideId "936286"]
[EventDate "2012.08.28"]

1. d4 Nf6 2. c4 e6 3. Nf3 b6 4. a3 Ba6 5. Qc2 c5 6. d5 exd5 7. cxd5 g6 8. Nc3 d6
9. Bf4 Bg7 10. Qa4+ Qd7 11. Bxd6 Qxa4 12. Nxa4 Nxd5 13. e4 Bxf1 14. Rxf1 Ne7 15.
O-O-O Nbc6 16. Nc3 Bxc3 17. bxc3 O-O 18. Nd2 Rfe8 19. e5 Nf5 20. Ne4 Kg7 21. Nf6
Re6 22. Nd5 Nxd6 23. Nc7 Nb5 24. Nxa8 Re8 25. c4 Nxa3 26. Nc7 Rxe5 27. Rfe1 Nxc4
28. Rxe5 N6xe5 29. Ne8+ Kf8 30. Nf6 Kg7 31. Ne8+ Kf8 32. Nf6 Kg7 33. Ne8+ Kf8 1/2-1/2

[Event "40th Olympiad Women"]
[Site "Istanbul TUR"]
[Date "2012.09.07"]
[Round "10.16"]
[Board "1"]
[White "Feliciano Ebert, Vanessa"]
[Black "Ziaziulkina, Nastassia"]
[Result "1/2-1/2"]
[WhiteTitle "WFM"]
[BlackTitle "WGM"]
[WhiteElo "2231"]
[BlackElo "2342"]
[WhiteTeam "Brazil"]
[BlackTeam "Belarus"]
[WhiteFideId "2114160"]
[BlackFideId "13505211"]
[EventDate "2012.08.28"]

1. e4 c5 2. Nf3 d6 3. d4 cxd4 4. Qxd4 a6 5. Be3 Nc6 6. Qb6 Qxb6 7. Bxb6 Nf6 8.
Nc3 Bg4 9. Nd5 Rc8 10. Nxf6+ gxf6 11. O-O-O f5 12. h3 Bh6+ 13. Kb1 Bxf3 14. gxf3
fxe4 15. fxe4 Rg8 16. Be2 Ne5 17. Rhg1 Rxg1 18. Rxg1 Kf8 19. b3 Rc3 20. Rg3 Bd2
21. Bd4 Rxg3 22. fxg3 e6 23. c3 Ke7 24. Kc2 Be1 25. g4 Kd7 26. a4 Kc6 27. b4 Kc7
28. Kb3 Nc6 29. Bf6 Ne5 30. a5 Bf2 31. Ka4 Be1 32. Kb3 Bf2 33. Ka4 Be1 1/2-1/2

[Event "40th Olympiad Women"]
[Site "Istanbul TUR"]
[Date "2012.09.07"]
[Round "10.16"]
[Board "2"]
[White "Sharevich, Anna"]
[Black "Terao, Juliana Sayumi"]
[Result "1-0"]
[WhiteTitle "WGM"]
[BlackTitle "WIM"]
[WhiteElo "2261"]
[BlackElo "2187"]
[WhiteTeam "Belarus"]
[BlackTeam "Brazil"]
[WhiteFideId "13503189"]
[BlackFideId "2109220"]
[EventDate "2012.08.28"]

1. d4 Nf6 2. c4 e6 3. g3 Bb4+ 4. Bd2 Be7 5. Bg2 d5 6. Nf3 O-O 7. O-O c6 8. Bf4
b6 9. Nc3 Bb7 10. Rc1 Nbd7 11. cxd5 cxd5 12. Qb3 a6 13. Rfd1 b5 14. a4 b4 15.
Na2 a5 16. Bc7 Qe8 17. Nc3 Ba6 18. Nb5 Ne4 19. Qd3 Bd8 20. Ne5 Ndf6 21. f3 Bxb5
22. axb5 Bxc7 23. Rxc7 Nd6 24. b6 Rb8 25. Rc5 Nd7 26. Nxd7 Qxd7 27. e4 Nc4 28.
Qe2 a4 29. f4 Nxb6 30. f5 exf5 31. exd5 Rfe8 32. Qd2 b3 33. Rdc1 a3 34. bxa3 Na4
35. Rc6 b2 36. Rb1 Qa7 37. d6 Red8 38. Bd5 Rd7 39. Qd3 Nb6 40. Bf3 Nc8 41. Ra6
Qxa6 42. Qxa6 Rxd6 43. Rxb2 1-0

[Event "40th Olympiad Women"]
[Site "Istanbul TUR"]
[Date "2012.09.07"]
[Round "10.16"]
[Board "3"]
[White "Gazola, Vanessa Ramos"]
[Black "Stetsko, Lanita"]
[Result "0-1"]
[WhiteTitle "WCM"]
[BlackTitle "FM"]
[WhiteElo "2033"]
[BlackElo "2130"]
[WhiteTeam "Brazil"]
[BlackTeam "Belarus"]
[WhiteFideId "2112590"]
[BlackFideId "13505300"]
[EventDate "2012.08.28"]

1. d4 d5 2. c4 c6 3. cxd5 cxd5 4. Bf4 Nf6 5. Nc3 Nc6 6. e3 a6 7. Bd3 Bg4 8. f3
Bh5 9. Nge2 e6 10. Rc1 Be7 11. a3 O-O 12. O-O Rc8 13. Bg5 Bg6 14. Nf4 Na5 15.
Nxg6 hxg6 16. b4 Nc4 17. Bxc4 Rxc4 18. Na4 a5 19. Rxc4 dxc4 20. Qc2 axb4 21.
Bxf6 gxf6 22. axb4 b5 23. Nc5 Qd5 24. Ra1 f5 25. Ra7 Bxc5 26. dxc5 Rd8 27. Ra5
Qe5 28. Ra3 f4 29. Qc3 fxe3 30. Qxe3 Qb2 31. h3 Qxb4 32. Kh2 Rd5 33. Ra8+ Kg7
34. c6 Qd6+ 35. f4 Qxc6 36. Qc3+ e5 37. Rb8 Qf6 38. f5 Qxf5 0-1

[Event "40th Olympiad Women"]
[Site "Istanbul TUR"]
[Date "2012.09.07"]
[Round "10.16"]
[Board "4"]
[White "Nevioselaya, Maria"]
[Black "Chang, Suzana"]
[Result "1-0"]
[BlackTitle "WFM"]
[WhiteElo "2057"]
[BlackElo "2006"]
[WhiteTeam "Belarus"]
[BlackTeam "Brazil"]
[WhiteFideId "13502280"]
[BlackFideId "2105985"]
[EventDate "2012.08.28"]

1. e4 e5 2. Nf3 Nc6 3. Bb5 a6 4. Ba4 Nf6 5. O-O Be7 6. Re1 b5 7. Bb3 O-O 8. h3
d6 9. c3 Na5 10. Bc2 c5 11. d4 Qc7 12. d5 h6 13. b3 Re8 14. Nbd2 Bf8 15. Nf1 g6
16. g4 Bg7 17. Ng3 Nb7 18. a4 bxa4 19. Rxa4 Bd7 20. Ra1 c4 21. b4 a5 22. Be3
axb4 23. cxb4 Bb5 24. Ne2 c3 25. Rxa8 Rxa8 26. Bd3 Bxd3 27. Qxd3 Qd7 28. Ng3 Rc8
29. Ra1 c2 30. Ne1 h5 31. f3 hxg4 32. hxg4 c1=Q 33. Bxc1 Qc7 34. Be3 Nd8 35. b5
Nb7 36. b6 Qd8 37. Ra7 Nc5 38. Qb5 Nfd7 39. b7 Rb8 40. Nc2 Qc7 41. Qc6 Qb6 42.
Qxb6 Nxb6 43. Nb4 Nbd7 44. Bxc5 1-0

[Event "40th Olympiad Women"]
[Site "Istanbul TUR"]
[Date "2012.09.07"]
[Round "10.17"]
[Board "1"]
[White "Cmilyte, Viktorija"]
[Black "Reizniece-Ozola, Dana"]
[Result "1-0"]
[WhiteTitle "GM"]
[BlackTitle "WGM"]
[WhiteElo "2520"]
[BlackElo "2251"]
[WhiteTeam "Lithuania"]
[BlackTeam "Latvia"]
[WhiteFideId "12801259"]
[BlackFideId "11601124"]
[EventDate "2012.08.28"]

1. d4 Nf6 2. c4 g6 3. Nc3 Bg7 4. e4 d6 5. f3 O-O 6. Nge2 a6 7. Be3 Nbd7 8. Qd2
c5 9. dxc5 dxc5 10. Rd1 Qc7 11. Nf4 e6 12. Nd3 Ne8 13. Bf4 Ne5 14. Nxe5 Bxe5 15.
Bxe5 Qxe5 16. f4 Qc7 17. Be2 b6 18. O-O Bb7 19. Bf3 Bc6 20. e5 Ra7 21. Qd8 Qb7
22. Na4 Nc7 23. Qd6 Bxf3 24. Rxf3 Na8 25. Rb3 Qe4 26. Nxb6 Nxb6 27. Rxb6 Raa8
28. Qxc5 Rfc8 29. Qd4 Rxc4 30. Qxe4 Rxe4 31. Rf1 Rc8 32. g3 a5 33. Rf2 Rc7 34.
Rd2 g5 35. Rb5 gxf4 36. Rxa5 fxg3 37. hxg3 Kg7 38. Kg2 h5 39. Kf3 Re1 40. Rb5
Rc4 41. Re2 Rd1 42. b3 Rc3+ 43. Re3 Rc2 44. a4 Kg6 45. Rb4 Kg5 46. Rc4 Ra2 47.
Re2 Ra3 48. Rb4 Rd3+ 49. Re3 Rd1 50. Ke4 Ra2 51. Rb8 Rad2 52. Rg8+ Kh6 53. a5
Kh7 54. Rb8 Kg6 55. b4 Rd4+ 56. Kf3 Ra1 57. Rb7 Ra2 58. Rc3 h4 59. gxh4 Rxh4 60.
Ke3 Ra1 61. Kd3 Rb1 62. b5 Rhb4 63. b6 Rh1 64. Rbc7 Rh3+ 65. Kc2 Rh2+ 66. Kd3
Rh3+ 67. Kc2 Rh2+ 68. Kc1 Rh1+ 69. Kd2 Rh2+ 70. Ke3 Rh3+ 71. Kf2 Rh2+ 72. Kg3
Rbh4 73. R7c4 R4h3+ 74. Kf4 Rh5 75. Rg3+ Kh7 76. b7 Rb2 77. a6 Rf5+ 78. Ke4 Rb5
79. Kd3 Rb3+ 80. Rc3 Rb5 81. a7 Rd5+ 82. Kc2 Rf2+ 83. Kb3 Rb5+ 84. Kc4 1-0

[Event "40th Olympiad Women"]
[Site "Istanbul TUR"]
[Date "2012.09.07"]
[Round "10.17"]
[Board "2"]
[White "Rogule, Laura"]
[Black "Daulyte, Deimante"]
[Result "0-1"]
[WhiteTitle "WGM"]
[BlackTitle "WGM"]
[WhiteElo "2315"]
[BlackElo "2216"]
[WhiteTeam "Latvia"]
[BlackTeam "Lithuania"]
[WhiteFideId "11601876"]
[BlackFideId "12802859"]
[EventDate "2012.08.28"]

1. c4 Nf6 2. Nc3 d5 3. cxd5 Nxd5 4. g3 c5 5. Bg2 Nc7 6. d3 e5 7. Qb3 Nd7 8. Nf3
Be7 9. O-O O-O 10. e3 Rb8 11. Rd1 b5 12. d4 exd4 13. exd4 c4 14. Qc2 Bb7 15. Bf4
b4 16. Na4 Bd5 17. Ne5 Nxe5 18. dxe5 Rb5 19. Rac1 Qe8 20. e6 Bxg2 21. exf7+ Qxf7
22. Kxg2 Rf5 23. Be3 Nd5 24. Bd4 Bg5 25. Rb1 Be3 26. f4 Bxd4 27. Qe4 Ne3+ 0-1

[Event "40th Olympiad Women"]
[Site "Istanbul TUR"]
[Date "2012.09.07"]
[Round "10.17"]
[Board "3"]
[White "Ziogaite, Jovita"]
[Black "Berzina, Ilze"]
[Result "0-1"]
[BlackTitle "WGM"]
[WhiteElo "2052"]
[BlackElo "2306"]
[WhiteTeam "Lithuania"]
[BlackTeam "Latvia"]
[WhiteFideId "12802573"]
[BlackFideId "11601345"]
[EventDate "2012.08.28"]

1. e4 e5 2. Nf3 Nc6 3. Nc3 Nf6 4. d4 exd4 5. Nxd4 Bb4 6. Nxc6 bxc6 7. Bd3 d5 8.
exd5 cxd5 9. O-O O-O 10. Bg5 c6 11. Ne2 h6 12. Bh4 Bd6 13. Nd4 c5 14. Nb5 Be7
15. Qf3 Bg4 16. Qf4 Qd7 17. h3 Be6 18. Rad1 Rab8 19. c4 d4 20. b3 a6 21. Na3 Qc6
22. Qd2 Bc8 23. Rfe1 Bb7 24. f3 Qd6 25. Qf2 Rbe8 26. Bg3 Qd7 27. Be5 Nh5 28. g4
Nf6 29. Nb1 Nh7 30. h4 Qd8 31. Bg3 Bc8 32. Re5 f5 33. gxf5 Bd6 34. Rd5 Bxg3 35.
Qxg3 Qe7 36. f4 Nf6 37. Re5 Qc7 38. Rde1 Bb7 39. Nd2 Nh5 40. Qg4 Nf6 41. Qg6 Bc6
42. R1e2 Rf7 43. Ne4 Bxe4 44. Bxe4 Rfe7 45. Qg3 Kh8 46. Bd3 h5 47. Qe1 Rxe5 48.
fxe5 Ng4 49. e6 Qf4 50. Rg2 Ne5 51. Be4 d3 52. Rg5 d2 53. Qd1 Ng4 54. Rxh5+ Kg8
55. Bg2 Qe3+ 56. Kh1 Nf2+ 57. Kh2 Nxd1 58. e7 Kf7 0-1

[Event "40th Olympiad Women"]
[Site "Istanbul TUR"]
[Date "2012.09.07"]
[Round "10.17"]
[Board "4"]
[White "Skinke, Katrina"]
[Black "Paulauskaite, Gintare"]
[Result "1-0"]
[WhiteTitle "WIM"]
[WhiteElo "2226"]
[BlackElo "2053"]
[WhiteTeam "Latvia"]
[BlackTeam "Lithuania"]
[WhiteFideId "11602260"]
[BlackFideId "12802964"]
[EventDate "2012.08.28"]

1. e4 c5 2. Nf3 d6 3. d4 cxd4 4. Nxd4 Nf6 5. Nc3 g6 6. Be3 Bg7 7. f3 O-O 8. Qd2
Nc6 9. g4 Bxg4 10. fxg4 Nxg4 11. Bg1 e6 12. h4 h5 13. Be2 Bh6 14. Qd3 Nce5 15.
Qg3 Rc8 16. Nf3 Nc4 17. Bxc4 Rxc4 18. Nd2 Rc6 19. O-O-O b5 20. Kb1 b4 21. Ne2 e5
22. Qd3 Qc7 23. c3 Rc8 24. cxb4 Bxd2 25. Qxd2 Rc2 26. Qd3 Qb7 27. a3 R2c4 28.
Nc3 a5 29. b5 Kh8 30. Rh3 Nf6 31. Qxd6 Nxe4 32. Qxe5+ f6 33. Qd5 Nxc3+ 34. Rxc3
Qxd5 35. Rxd5 Rxc3 36. bxc3 Rxc3 37. Bd4 Rxa3 38. Bxf6+ Kg8 39. Kb2 Ra4 40. Rd4
Rxd4 41. Bxd4 1-0